US Presidents in Chronological Order by First Name Quiz Stats

Quiz not verified by Sporcle

Challenge
Share
Tweet
Embed
Score 0/44 Timer 04:00
0 Plays Today
Order Presidential First Name % Correct
He was number one!George
99.8%
#2John
98.5%
#3Thomas
98.1%
#4James
96.6%
#5James
94.2%
#6John
93.7%
#7Andrew
88.8%
#8Martin
85.9%
#16Abraham
80.8%
#9William
79.6%
#11James
76.7%
#10John
75.7%
#15James
73.8%
#17Andrew
73.5%
#18 *Hiram/Ulysses
72.6%
#12Zachary
72.1%
#35John
71.6%
#22 *Stephen/Grover
71.4%
#32Franklin
70.6%
#33Harry
70.6%
#26Theodore
70.4%
#36Lyndon
70.1%
Order Presidential First Name % Correct
#34 *David/Dwight
69.9%
#13 Millard
69.4%
#21Chester
69.4%
#31Herbert
69.4%
#37Richard
69.2%
#39 James
69.2%
#41George
69.2%
#40Ronald
68.9%
#24 *Stephen/Grover
68.7%
#30 *John/Calvin
68.7%
#42William
68.7%
#43George
68.7%
#14Franklin
68.4%
#38 Leslie/Gerald
68.4%
#28 *Thomas/Woodrow
68%
#25William
67.7%
#19Rutherford
67.2%
#44Barack
67.2%
#20James
67%
#27William
65.5%
#23Benjamin
64.8%
#29Warren
60.2%

You're not logged in!

Compare scores with friends on all Sporcle quizzes.
Sign Up with Email
OR
Log In

You Might Also Like...

Show Comments

Extras

Top Quizzes Today


Score Distribution

Your Account Isn't Verified!

In order to create a playlist on Sporcle, you need to verify the email address you used during registration. Go to your Sporcle Settings to finish the process.